000 01450cam a22003494a 4500
001 7071
003 FISKH
005 20250620084311.0
008 050217s2005 nyua j 001 0 eng
010 _a 2005004631
020 _a0516252747
020 _a9780516252742
040 _aDLC
_cDLC
_dDLC
_beng
050 _aQR57 .T78
082 _a 579.17554
100 1 _aTrumbauer, Lisa,
_d1963-
245 1 0 _aTiny life in your home /
_cby Lisa Trumbauer ; consultants, reading adviser, Nanci R. Vargus ; subject adviser, Howard A. Shuman.
260 _aNew York :
_bChildren's Press,
_c2005.
300 _a31 pages :
_bcolor illustrations ;
_c19 cm
440 0 _aRookie read-about science
500 _aIncludes index.
505 _aJ
520 _aFrom friendly dolphins to giant pandas, from icebergs and glaciers to energy from the sun, from magnets to solids, liquids, and gases, Rookie Read-About Science is a natural addition to the primary-grade classroom with books that cover every part of the science curricula. Includes: animals, nature, scientific principles, the environment, weather, and much more!
521 8 _a430
_bLexile
521 8 _aJ
_bRaz-Plus
650 0 _aMicrobiology
_vJuvenile literature.
650 0 _aMicrobial ecology
_vJuvenile literature.
650 0 _aHousing and health
_vJuvenile literature.
906 _a7
_bcbc
_corignew
_d1
_eecip
_f20
_gy-gencatlg
942 _2ddc
_cBK
_n0
999 _c7071
_d7071